Deutsche Städte nach Buchstabe - Statistiken

Allgemein
  • Dieses Quiz wurde 115 mal gespielt
    10 seit der letzten Aktualisierung
  • Das Durchschnittsergebnis liegt bei 23 aus 25
Antwortstatistiken
Hint Antwort % Korrekt
A: Drittgrößte Stadt in Bayern Augsburg
100%
B: Hauptstadt von Deutschland Berlin
100%
C: Großstadt in Sachsen Chemnitz
100%
D: Hauptstadt von NRW Düsseldorf
100%
E: Großstadt in NRW Essen
100%
F: Stadt mit den meisten Wolkenkratzer in Deutschland Frankfurt am Main
100%
G: Großstadt in NRW Gelsenkirchen/Gütersloh
100%
H: Zweitgrößte Stadt in Deutschland Hamburg
100%
I: Stadt in der, der Hauptsitz von Audi liegt Ingolstadt
100%
J: Großstadt in Thüringen Jena
100%
K: Größte Stadt in NRW Köln
100%
L: Größte Stadt in Sachsen Leipzig
100%
M: Hauptstadt von Bayern München
100%
N: Zweitgrößte Stadt in Bayern Nürnberg
100%
P: Hauptstadt von Brandenburg Potsdam
100%
S: Hauptstadt von Baden-Württemberg Stuttgart
100%
Z: Viertgrößte Stadt in Sachsen Zwickau
100%
R: Größte Stadt in Mecklenburg-Vorpommern Rostock
88%
T: Großstadt in Rheinland-Pfalz Trier
88%
U: Großstadt in Baden-Württemberg Ulm
88%
W: Stadt in der es die Schwebebahn gibt Wuppertal
88%
X: Einzige deutsche Stadt welche mit X anfängt Xanten
88%
O: Großstadt in NRW Oberhausen
75%
Q: Stadt welche etwa 50km südwestlich von Magdeburg liegt Quedlinburg
50%
V: Stadt im Kreis Mettmann Velbert
38%
Keine übereinstimmenden Quizze gefunden
Verteilung der Resultate
Anzahl Personen mit jedem Resultat
Perzentil nach korrekt beantworteten Fragen
Ihre Resultats-Entwicklung
Sie haben dieses Quiz seit der letzten Aktualisierung nicht gespielt